[Event "Bronstein Mem Open A 2014"]
[Site "Minsk BLR"]
[Date "2014.02.16"]
[Round "6.6"]
[White "Mamedov, Rauf"]
[Black "Jumabayev, Rinat"]
[Result "1/2-1/2"]
[WhiteTitle "GM"]
[BlackTitle "GM"]
[WhiteElo "2659"]
[BlackElo "2564"]
[WhiteFideId "13401653"]
[BlackFideId "13702661"]
[EventDate "2014.02.11"]

1. e4 c5 2. Nf3 e6 3. b3 b6 4. d4 cxd4 5. Nxd4 Bb7 6. Nb5 Qf6 7. c3 Na6 8. Nd6+
Bxd6 9. Qxd6 Nc5 10. f3 Ne7 11. b4 Na4 12. h4 Nc6 13. Bg5 Qe5 14. Bf4 Qxd6 15.
Bxd6 Ne7 16. h5 f5 17. h6 g5 18. Nd2 Kf7 19. Nc4 Ng6 20. Bc7 Rac8 21. Nd6+ Kf6
22. Nxc8 Rxc8 23. exf5 exf5 24. Bg3 Nxc3 25. Kd2 g4 26. Bf2 gxf3 27. Bd4+ Ke6
28. Bxc3 fxg2 29. Re1+ Kf7 30. Rg1 gxf1=Q 31. Rgxf1 f4 32. Rg1 Rc4 33. Kd3 Ba6
34. Kd2 Bb7 35. Kd3 Ba6 36. Kd2 1/2-1/2

[Event "Bronstein Mem Open A 2014"]
[Site "Minsk BLR"]
[Date "2014.02.16"]
[Round "6.7"]
[White "Popov, Ivan RUS"]
[Black "Malakhatko, Vadim"]
[Result "1/2-1/2"]
[WhiteTitle "GM"]
[BlackTitle "GM"]
[WhiteElo "2653"]
[BlackElo "2539"]
[WhiteFideId "4170350"]
[BlackFideId "14104202"]
[EventDate "2014.02.11"]

1. e4 e6 2. d4 d5 3. Nc3 Nf6 4. Bg5 dxe4 5. Nxe4 Nbd7 6. Nxf6+ Nxf6 7. Nf3 h6 8.
Bh4 c5 9. Bb5+ Bd7 10. Bxd7+ Qxd7 11. Bxf6 gxf6 12. c3 Qb5 13. Qb3 Qxb3 14. axb3
cxd4 15. Nxd4 Bc5 16. Nb5 Ke7 17. b4 Bb6 18. Na3 Rac8 19. Rd1 1/2-1/2

[Event "Bronstein Mem Open A 2014"]
[Site "Minsk BLR"]
[Date "2014.02.16"]
[Round "6.11"]
[White "Ponkratov, Pavel"]
[Black "Rasulov, Vugar"]
[Result "0-1"]
[WhiteTitle "GM"]
[BlackTitle "GM"]
[WhiteElo "2611"]
[BlackElo "2534"]
[WhiteFideId "4157800"]
[BlackFideId "13402390"]
[EventDate "2014.02.11"]

1. d4 Nf6 2. c4 c5 3. d5 e6 4. Nc3 exd5 5. cxd5 Bd6 6. Nf3 O-O 7. g3 Bc7 8. d6
Ba5 9. Bg2 Nc6 10. O-O Re8 11. Bf4 Bxc3 12. bxc3 b6 13. Re1 Bb7 14. Qc2 Na5 15.
Rad1 Be4 16. Qc1 h6 17. Bf1 Nc4 18. Nd2 Nxd2 19. Bxd2 Bc6 20. f3 Re6 21. e4 Nh7
22. Bf4 g5 23. Be3 Qf6 24. Rd3 Rxd6 25. Rxd6 Qxd6 26. Qc2 Qe6 27. Bd2 Re8 28. c4
g4 29. fxg4 Qxg4 30. Bxh6 Qg6 31. Bf4 Nf6 32. Bd3 Nxe4 33. Bc1 f5 34. Bxe4 Bxe4
35. Qd2 d6 36. Bb2 Kf7 37. Rf1 Ke7 38. Rf4 Kd7 39. Rh4 Re6 40. a4 Bc6 41. Qc2
Kc7 42. a5 Re1+ 43. Kf2 Re4 44. axb6+ axb6 45. Rxe4 fxe4 46. Qc3 Qh5 47. h4 Qd1
48. Bc1 Bd7 49. Bf4 Bh3 50. Ke3 Bg4 51. Kf2 Qd4+ 52. Qe3 Kc6 53. Ke1 Qxc4 54.
Bxd6 Qb4+ 55. Kf2 Qb2+ 56. Kg1 Bf3 0-1

[Event "Bronstein Mem Open A 2014"]
[Site "Minsk BLR"]
[Date "2014.02.16"]
[Round "6.12"]
[White "Gabuzyan, Hovhannes"]
[Black "Zhigalko, Andrey"]
[Result "0-1"]
[WhiteTitle "GM"]
[BlackTitle "GM"]
[WhiteElo "2534"]
[BlackElo "2607"]
[WhiteFideId "13303732"]
[BlackFideId "13502247"]
[EventDate "2014.02.11"]

1. c4 g6 2. d4 Nf6 3. g3 c5 4. Nf3 Bg7 5. Bg2 Qa5+ 6. Qd2 Nc6 7. Qxa5 Nxa5 8.
Nbd2 cxd4 9. Nxd4 O-O 10. Nc2 d6 11. b4 Nc6 12. Bb2 Bf5 13. e4 Be6 14. Ke2 Rfc8
15. Rab1 Nd7 16. Bxg7 Kxg7 17. f4 a5 18. b5 Nb4 19. Ne3 Nxa2 20. Ra1 Nc3+ 21.
Kf2 Nb6 22. Ra3 Nca4 23. f5 Bd7 24. Rha1 Nc5 25. Rxa5 Rxa5 26. Rxa5 e6 27. g4
Kf6 28. Kg3 gxf5 29. exf5 exf5 30. Nxf5 Bxf5 31. gxf5 Rg8+ 32. Kf2 Kxf5 33. Ra3
Ra8 34. Rxa8 Nxa8 35. Ke3 Nb6 36. Kd4 Kf4 37. Ne4 Ne6+ 38. Kc3 Ke5 39. Nd2 Nc5
40. Kb4 f5 41. Ka5 Nbd7 42. b6 Kd4 43. Kb5 Ne5 44. Bd5 f4 45. h4 Ke3 46. Nf1+
Kf2 47. Nd2 Ke3 48. Nf1+ Ke2 49. Nh2 h5 50. Kb4 Kf2 51. Kb5 Kg3 52. Nf1+ Kxh4
53. Nd2 Kg3 54. Bxb7 Nxb7 55. Ne4+ Kf3 56. c5 dxc5 57. Nxc5 Nxc5 58. Kxc5 Nd7+
59. Kd4 0-1

[Event "Bronstein Mem Open A 2014"]
[Site "Minsk BLR"]
[Date "2014.02.16"]
[Round "6.13"]
[White "Khairullin, Ildar"]
[Black "Indjic, Aleksandar"]
[Result "1/2-1/2"]
[WhiteTitle "GM"]
[BlackTitle "GM"]
[WhiteElo "2651"]
[BlackElo "2530"]
[WhiteFideId "4151348"]
[BlackFideId "911925"]
[EventDate "2014.02.11"]

1. e4 d6 2. d4 Nf6 3. Nc3 e5 4. Nf3 Nbd7 5. Bc4 Be7 6. O-O Nb6 7. Be2 exd4 8.
Qxd4 O-O 9. a4 a5 10. b3 d5 11. e5 Ne8 12. Bd3 c5 13. Qf4 f5 14. Nb5 Nc7 15.
Nxc7 Qxc7 16. c3 Be6 17. Qg3 Kh8 18. h4 d4 19. cxd4 Nd5 20. Ng5 Bxg5 21. hxg5
cxd4 22. Qh4 Qxe5 23. g6 Bg8 24. Bg5 Rae8 25. Rad1 Re6 26. gxh7 Bxh7 27. Bd2 Ne3
28. fxe3 dxe3 29. Bc1 e2 30. Bxe2 Qxe2 31. Rde1 Qa6 32. Rxe6 Qxe6 33. Rf3 Kg8
34. Bb2 f4 35. Qg5 Bg6 36. Qe5 Qxe5 37. Bxe5 Be4 38. Rxf4 Rxf4 39. Bxf4 Bc2 40.
Bc7 Bxb3 41. Bxa5 1/2-1/2

[Event "Bronstein Mem Open A 2014"]
[Site "Minsk BLR"]
[Date "2014.02.16"]
[Round "6.14"]
[White "Akopian, Vladimir"]
[Black "Chatalbashev, Boris"]
[Result "1-0"]
[WhiteTitle "GM"]
[BlackTitle "GM"]
[WhiteElo "2682"]
[BlackElo "2522"]
[WhiteFideId "13300032"]
[BlackFideId "2900440"]
[EventDate "2014.02.11"]

1. e4 d6 2. d4 Nf6 3. Nc3 g6 4. Be3 Bg7 5. Qd2 c6 6. h3 O-O 7. Nf3 e5 8. O-O-O
exd4 9. Bxd4 Re8 10. Qf4 b5 11. e5 Nh5 12. Qh2 dxe5 13. Bxe5 Nd7 14. Bxg7 Nxg7
15. Bd3 Qa5 16. Rhe1 Rxe1 17. Rxe1 Nc5 18. Qd6 Nxd3+ 19. cxd3 Be6 20. Ne5 b4 21.
Nxc6 Qg5+ 22. f4 Qh4 23. Rxe6 Nxe6 24. Nd5 Qe1+ 25. Kc2 Qe2+ 26. Kb3 Qxd3+ 27.
Kxb4 a5+ 28. Ka4 Kg7 29. Qe5+ Kh6 30. Ne3 f5 31. Qxe6 Ra6 32. g4 1-0

[Event "Bronstein Mem Open A 2014"]
[Site "Minsk BLR"]
[Date "2014.02.16"]
[Round "6.15"]
[White "Sargissian, Gabriel"]
[Black "Abasov, Nijat"]
[Result "1-0"]
[WhiteTitle "GM"]
[BlackTitle "GM"]
[WhiteElo "2671"]
[BlackElo "2517"]
[WhiteFideId "13300881"]
[BlackFideId "13402960"]
[EventDate "2014.02.11"]

1. d4 Nf6 2. c4 e6 3. Nf3 b6 4. g3 Bb7 5. Bg2 Be7 6. O-O O-O 7. Re1 Na6 8. Nc3
Ne4 9. Bf4 Nxc3 10. bxc3 Be4 11. Nd2 Bxg2 12. Kxg2 d6 13. e4 Nb8 14. a4 Nc6 15.
Nb3 Rb8 16. h4 Qd7 17. Qg4 Rfd8 18. h5 a6 19. d5 Na5 20. Nxa5 bxa5 21. Bh6 Bf8
22. dxe6 Qxe6 23. Qxe6 fxe6 24. Bg5 Re8 25. Rab1 Kf7 26. Kf3 Be7 27. Bd2 Bf6 28.
Ke2 Ke7 29. Kd3 Kd7 30. f4 Kc6 31. g4 Bh4 32. Rxb8 Rxb8 33. Rh1 Be7 34. g5 Rf8
35. Be3 Kd7 36. g6 hxg6 37. hxg6 Rf6 38. Rg1 c5 39. Rg5 Kc6 40. f5 exf5 41. exf5
Rf8 42. Rh5 Bf6 43. Bf4 Rb8 44. Rh1 Re8 45. Rd1 Rh8 46. Ke4 Re8+ 47. Kf3 Rd8 48.
Rd3 d5 49. cxd5+ Rxd5 50. Ke4 1-0

[Event "Bronstein Mem Open A 2014"]
[Site "Minsk BLR"]
[Date "2014.02.16"]
[Round "6.16"]
[White "Levin, Evgeny A."]
[Black "Kuzubov, Yuriy"]
[Result "0-1"]
[WhiteTitle "GM"]
[BlackTitle "GM"]
[WhiteElo "2514"]
[BlackElo "2643"]
[WhiteFideId "4182596"]
[BlackFideId "14112906"]
[EventDate "2014.02.11"]

1. d4 Nf6 2. c4 c5 3. d5 b5 4. cxb5 a6 5. b6 g6 6. Nc3 Bg7 7. e4 d6 8. Nf3 O-O
9. Be2 Nbd7 10. O-O Rb8 11. h3 Ne8 12. Bg5 Rxb6 13. Qc2 Nc7 14. a4 f5 15. exf5
Rxf5 16. Rfe1 Qf8 17. Rad1 Ne5 18. Qd2 Rxf3 19. Bxf3 Nxf3+ 20. gxf3 Bxh3 21. Qf4
Qxf4 22. Bxf4 Bf8 23. Ne4 Rb4 24. Bg3 Rb7 25. Re2 h6 26. Nc3 Bf5 27. Kg2 Kf7 28.
Ne4 Ne8 29. Bh4 g5 30. Bg3 Rb4 31. Nc3 Nf6 32. a5 Nh5 33. Rh1 Bg6 34. Rhe1 Ng7
35. Ra1 Nf5 36. Ra4 Rb7 37. Rd2 Bg7 38. Nd1 Nd4 39. Ne3 Rb3 40. Ra3 Rb4 41. Nd1
Nc2 42. Rc3 Bxc3 43. bxc3 Rb1 0-1

[Event "Bronstein Mem Open A 2014"]
[Site "Minsk BLR"]
[Date "2014.02.16"]
[Round "6.17"]
[White "Chigaev, Maksim"]
[Black "Fedorchuk, Sergey A."]
[Result "0-1"]
[WhiteTitle "IM"]
[BlackTitle "GM"]
[WhiteElo "2510"]
[BlackElo "2641"]
[WhiteFideId "4108116"]
[BlackFideId "14102536"]
[EventDate "2014.02.11"]

1. e4 c5 2. Nf3 e6 3. d4 cxd4 4. Nxd4 Nc6 5. Nc3 d6 6. Be2 Nf6 7. O-O Be7 8. Kh1
O-O 9. f4 Bd7 10. Bf3 Nxd4 11. Qxd4 Bc6 12. Be3 Qc7 13. a4 b6 14. e5 dxe5 15.
fxe5 Bxf3 16. Rxf3 Nd7 17. Rh3 Rfd8 18. Qe4 Nf8 19. Rf1 Ng6 20. Qf3 Bf8 21. Nb5
Qe7 22. Nd4 Qe8 23. Qh5 h6 24. Rhf3 Rd7 25. c3 Rc8 26. Ne2 Rc4 27. Nf4 Nxf4 28.
Bxf4 Rxa4 29. Rg3 Kh7 30. Qe2 g6 31. b3 Ra5 32. c4 Bg7 33. h4 Qd8 34. b4 Ra1 35.
Rxa1 Qxh4+ 36. Rh3 Qxf4 37. Re1 Rc7 38. b5 Qxc4 39. Qxc4 Rxc4 40. Ra3 Rc7 41. g4
g5 42. Kg2 Kg6 43. Re2 Rc5 44. Rxa7 Bxe5 45. Rd2 Rxb5 46. Rdd7 f5 47. Re7 Rb2+
48. Kf1 fxg4 49. Rxe6+ Kf5 50. Rxh6 g3 51. Rd7 Bf4 52. Rd3 Ke4 53. Ra3 g2+ 54.
Kg1 Be3+ 55. Rxe3+ Kxe3 56. Re6+ Kd4 57. Rg6 b5 58. Rxg5 b4 59. Rg4+ Kc3 60.
Rg3+ Kc4 61. Rg4+ Kb5 62. Rg5+ Ka4 63. Rg8 Rc2 0-1

[Event "Bronstein Mem Open A 2014"]
[Site "Minsk BLR"]
[Date "2014.02.17"]
[Round "7.6"]
[White "Oleksienko, Mikhailo"]
[Black "Durarbayli, Vasif"]
[Result "1-0"]
[WhiteTitle "GM"]
[BlackTitle "GM"]
[WhiteElo "2630"]
[BlackElo "2580"]
[WhiteFideId "4152417"]
[BlackFideId "13402935"]
[EventDate "2014.02.11"]

1. e4 c5 2. Nf3 d6 3. d4 cxd4 4. Nxd4 Nf6 5. Nc3 Nc6 6. f3 e5 7. Nb3 Be7 8. Be3
O-O 9. Qd2 a5 10. Bb5 Be6 11. Rd1 Na7 12. Bd3 Nc8 13. O-O Nb6 14. Qf2 Nc4 15.
Bxc4 Bxc4 16. Rfe1 Qc8 17. a4 Re8 18. Bg5 Qc6 19. Bxf6 Bxf6 20. Nd2 Ba6 21. Nf1
Bd8 22. Ne3 Bb6 23. Ncd5 Ba7 24. Kh1 Kh8 25. Qg3 Bxe3 26. Nxe3 Re6 27. b3 b5 28.
axb5 Bxb5 29. Nf5 g6 30. Ne3 Ba6 31. h3 Bb7 32. Ra1 a4 33. bxa4 Rxa4 34. Rxa4
Qxa4 35. Qh4 Qa5 36. Rb1 Qc7 37. Qh6 Kg8 38. h4 Bc6 39. h5 Qd8 40. hxg6 hxg6 41.
Kg1 Qf8 42. Qh4 Kg7 43. Kf2 Qh8 44. Qg5 Qh2 45. Rb6 Qf4 46. Nf5+ Kh7 47. Qxf4
exf4 48. Nd4 1-0

[Event "Bronstein Mem Open A 2014"]
[Site "Minsk BLR"]
[Date "2014.02.17"]
[Round "7.7"]
[White "Grigoryan, Karen H."]
[Black "Akopian, Vladimir"]
[Result "0-1"]
[WhiteTitle "GM"]
[BlackTitle "GM"]
[WhiteElo "2584"]
[BlackElo "2682"]
[WhiteFideId "13301004"]
[BlackFideId "13300032"]
[EventDate "2014.02.11"]

1. d4 d5 2. c4 c6 3. Nf3 Nf6 4. e3 Bf5 5. Nc3 e6 6. Nh4 Bg6 7. Nxg6 hxg6 8. g3
Nbd7 9. a3 Be7 10. b3 Ne4 11. Bb2 Nxc3 12. Bxc3 f5 13. Bg2 Nf6 14. Ke2 g5 15.
Qd3 Kf7 16. Be1 g4 17. h3 gxh3 18. Bxh3 g5 19. Bd2 g4 20. Bg2 Qd7 21. b4 Ne4 22.
Rac1 a6 23. Be1 Rxh1 24. Bxh1 Ng5 25. Bg2 Rh8 26. a4 Rh2 27. Kf1 Qd8 28. cxd5
cxd5 29. b5 axb5 30. Qxb5 Qh8 31. Bxd5 exd5 32. Qxd5+ Kg6 33. Qxb7 Bf6 34. Qd5
Ne4 35. Ke2 Nxg3+ 36. Kd3 Ne4 37. Qe6 Qb8 38. Rc2 g3 39. f3 Qb1 40. Qg8+ Kh6 41.
Qf8+ Bg7 0-1

[Event "Bronstein Mem Open A 2014"]
[Site "Minsk BLR"]
[Date "2014.02.17"]
[Round "7.8"]
[White "Bernadskiy, Vitaliy"]
[Black "Sargissian, Gabriel"]
[Result "0-1"]
[WhiteTitle "IM"]
[BlackTitle "GM"]
[WhiteElo "2565"]
[BlackElo "2671"]
[WhiteFideId "14100371"]
[BlackFideId "13300881"]
[EventDate "2014.02.11"]

1. b3 Nf6 2. Bb2 e6 3. f4 b6 4. Nf3 Bb7 5. e3 g6 6. g4 Bg7 7. Bg2 d6 8. Qe2 Nbd7
9. h4 e5 10. h5 gxh5 11. g5 Ne4 12. Rh3 h6 13. Nc3 hxg5 14. Nxg5 Nxg5 15. fxg5
e4 16. Rxh5 Qe7 17. Nd5 Bxd5 18. Bxg7 Rg8 19. Bc3 Ne5 20. O-O-O O-O-O 21. Rg1
Kb7 22. Qf2 Qe6 23. Qf4 Nf3 24. Rgh1 a5 25. Bf6 Ra8 26. Bh3 Qe8 27. g6 Qc6 28.
g7 a4 29. Bc3 axb3 30. axb3 Bxb3 31. cxb3 Nxd2 32. Qf6 Nxb3+ 33. Kd1 Qc4 34. Ke1
Qd3 35. Kf2 Ra2+ 36. Kg3 Qxe3+ 37. Kh4 Rf2 38. Rf5 Rxf5 39. Bxf5 Qf2+ 40. Kg5
Qg2+ 41. Bg4 Qxh1 42. Qxf7 Rxg7+ 43. Bxg7 Nc5 44. Qd5+ Ka7 45. Qa2+ Kb7 46. Qd5+
Ka7 47. Qc6 Qc1+ 48. Kg6 Kb8 49. Bf6 Nd3 50. Qe8+ Ka7 51. Bd7 Nb4 52. Be6 Qc6
53. Qh8 e3 54. Qh4 Nd3 55. Bc4 e2 56. Bc3 e1=Q 57. Bxe1 Qxc4 0-1

[Event "Bronstein Mem Open A 2014"]
[Site "Minsk BLR"]
[Date "2014.02.17"]
[Round "7.13"]
[White "Kuzubov, Yuriy"]
[Black "Savchenko, Boris"]
[Result "1/2-1/2"]
[WhiteTitle "GM"]
[BlackTitle "GM"]
[WhiteElo "2643"]
[BlackElo "2556"]
[WhiteFideId "14112906"]
[BlackFideId "4147332"]
[EventDate "2014.02.11"]

1. e4 e6 2. d4 d5 3. Nc3 Bb4 4. e5 c5 5. a3 Bxc3+ 6. bxc3 Ne7 7. Qg4 O-O 8. Bd3
f5 9. exf6 Rxf6 10. Bg5 Rf7 11. Qh5 g6 12. Qd1 Qa5 13. Bd2 Nd7 14. Nf3 Nc6 15.
O-O c4 16. Be2 Nf6 17. Ng5 Re7 18. Re1 Bd7 19. Bg4 Rae8 20. Bh3 e5 21. dxe5 Nxe5
22. Bxd7 Nexd7 23. Rxe7 Rxe7 24. h3 Nc5 25. Qf3 Kg7 26. Be3 h6 27. Bd4 Nd7 28.
h4 Ne5 29. Qg3 hxg5 30. Bxe5 gxh4 31. Qf4 Qb6 32. Bd4 Qe6 33. Qxh4 Kf7 34. f3
Nh5 35. Qg5 Qd6 36. f4 Ng7 37. Be5 Qb6+ 38. Bd4 Qd6 39. g4 Re2 40. Rf1 Ne8 41.
Qh4 Nf6 42. Be5 Qe6 43. g5 Qg4+ 44. Qxg4 Nxg4 45. Bd4 Ne3 46. Rf3 Nxc2 47. Bxa7
Nxa3 48. f5 Nb5 49. Bc5 d4 50. Bxd4 Nxd4 51. cxd4 b5 52. Kf1 Re4 53. fxg6+ Kxg6
54. Rf6+ Kxg5 55. Rb6 Kf4 56. Kf2 Rxd4 57. Rxb5 Re4 58. Rc5 Kg4 59. Rd5 Kf4 1/2-1/2

[Event "Bronstein Mem Open A 2014"]
[Site "Minsk BLR"]
[Date "2014.02.17"]
[Round "7.14"]
[White "Indjic, Aleksandar"]
[Black "Kovalenko, Igor"]
[Result "0-1"]
[WhiteTitle "GM"]
[BlackTitle "GM"]
[WhiteElo "2530"]
[BlackElo "2642"]
[WhiteFideId "911925"]
[BlackFideId "14117908"]
[EventDate "2014.02.11"]

1. d4 e6 2. c4 b6 3. Nc3 Bb4 4. Nf3 Bb7 5. Qb3 a5 6. a3 a4 7. Qc2 Bxc3+ 8. Qxc3
Nf6 9. g3 h6 10. Bg2 O-O 11. O-O d6 12. b4 axb3 13. Bb2 Be4 14. Bh3 Nc6 15. Nd2
Na5 16. Nxb3 Nxb3 17. Qxb3 Qe8 18. f3 Bf5 19. g4 Bg6 20. e4 Qa4 21. Qc3 b5 22.
cxb5 Qxb5 23. Rf2 Rfb8 24. Qxc7 d5 25. a4 Qb3 26. e5 Ne4 27. fxe4 Qxh3 28. Qc3
Qxg4+ 29. Rg2 Qxe4 30. a5 Rc8 31. Qd2 Ra6 32. Re1 Qh4 33. Bc3 Rc4 34. Rg3 Kh7
35. Ra1 Qd8 36. Ra3 Ra8 37. Ra1 Qd7 38. Ra2 Rb8 39. Rf3 Qc6 40. Ra3 Be4 41. Rf1
Rc8 42. Rc1 Qa6 43. Rf1 R4c7 44. Rfa1 f5 45. Rb3 Rc6 46. Raa3 Qa7 47. Kf2 Qf7
48. a6 Ra8 49. Rb7 Qh5 50. a7 Qxh2+ 51. Ke1 Qg1+ 52. Ke2 Qg4+ 53. Ke1 f4 54. Qf2
f3 55. Bd2 Rcc8 56. Qh2 h5 57. Rab3 Bc2 58. Ra3 f2+ 0-1

[Event "Bronstein Mem Open A 2014"]
[Site "Minsk BLR"]
[Date "2014.02.17"]
[Round "7.15"]
[White "Fedorchuk, Sergey A."]
[Black "Lintchevski, Daniil"]
[Result "1-0"]
[WhiteTitle "GM"]
[BlackTitle "GM"]
[WhiteElo "2641"]
[BlackElo "2537"]
[WhiteFideId "14102536"]
[BlackFideId "4171055"]
[EventDate "2014.02.11"]

1. e4 e6 2. d4 d5 3. Nc3 Nf6 4. e5 Nfd7 5. Nce2 c5 6. c3 Nc6 7. Nf3 cxd4 8. cxd4
f6 9. exf6 Nxf6 10. Nc3 Bd6 11. Bb5 O-O 12. O-O Qc7 13. Re1 a6 14. Bxc6 Qxc6 15.
Ne5 Bxe5 16. Rxe5 h6 17. Re1 b5 18. Bf4 b4 19. Ne2 a5 20. Rc1 Qa6 21. Be5 Bd7
22. Nf4 Rac8 23. Ng6 Rf7 24. Rxc8+ Bxc8 25. Bxf6 Rxf6 26. Ne5 Rf8 27. h3 Qb5 28.
Qg4 Bd7 29. Re3 Rf5 30. Rg3 Rg5 31. Qf4 Be8 32. Rxg5 hxg5 33. Qxg5 Kf8 1-0

[Event "Bronstein Mem Open A 2014"]
[Site "Minsk BLR"]
[Date "2014.02.17"]
[Round "7.16"]
[White "Zenzera, Alexey"]
[Black "Korneev, Oleg"]
[Result "1-0"]
[WhiteTitle "IM"]
[BlackTitle "GM"]
[WhiteElo "2419"]
[BlackElo "2631"]
[WhiteFideId "4102665"]
[BlackFideId "4156803"]
[EventDate "2014.02.11"]

1. Nf3 d5 2. g3 c6 3. Bg2 Bf5 4. O-O Nf6 5. d3 e6 6. Nbd2 h6 7. Qe1 Be7 8. e4
Bh7 9. Qe2 O-O 10. Ne5 Nbd7 11. Nxd7 Nxd7 12. e5 a5 13. f4 a4 14. Nf3 b5 15. g4
b4 16. g5 hxg5 17. Nxg5 Bxg5 18. fxg5 b3 19. c3 Nc5 20. Rd1 a3 21. d4 axb2 22.
Bxb2 Ne4 23. axb3 Qxg5 24. Ra4 Bf5 25. Kh1 Bg4 26. Bf3 Qh4 27. Kg1 Bxf3 28. Qxf3
Nd2 29. Qe2 Nxb3 30. Rb4 Na5 31. Ba3 Nc4 32. Rxc4 Rxa3 33. Rxc6 Rfa8 34. Qf3 Ra2
35. Qg3 Rxh2 36. Qxh4 Rxh4 37. Rf1 Rg4+ 38. Kh2 Ra2+ 39. Kh3 Rag2 40. Rc8+ Kh7
41. Rxf7 R4g3+ 42. Kh4 Rg1 1-0

[Event "Bronstein Mem Open A 2014"]
[Site "Minsk BLR"]
[Date "2014.02.18"]
[Round "8.3"]
[White "Akopian, Vladimir"]
[Black "Oleksienko, Mikhailo"]
[Result "1/2-1/2"]
[WhiteTitle "GM"]
[BlackTitle "GM"]
[WhiteElo "2682"]
[BlackElo "2630"]
[WhiteFideId "13300032"]
[BlackFideId "4152417"]
[EventDate "2014.02.11"]

1. e4 c5 2. Nf3 e6 3. d4 cxd4 4. Nxd4 a6 5. Bd3 Bc5 6. Nb3 Ba7 7. Qe2 Nc6 8. Be3
d6 9. O-O Nf6 10. c4 O-O 11. Nc3 Bxe3 12. Qxe3 Ne5 13. Be2 Qc7 14. Rfd1 b6 15.
f4 Ng6 16. Qd2 Bb7 17. Qxd6 Qxd6 18. Rxd6 Nxe4 19. Nxe4 Bxe4 20. g3 Rab8 21. Nd2
Ba8 22. b4 e5 23. fxe5 Nxe5 24. Rc1 f6 25. Kf1 f5 26. c5 f4 27. gxf4 Rxf4+ 28.
Ke1 bxc5 29. Rxc5 Re8 30. a3 Rh4 31. Kd1 Rxh2 32. Rxe5 Rxe5 33. Rd8+ Kf7 34.
Bc4+ Bd5 35. Rxd5 Rxd5 36. Bxd5+ Ke7 37. Bb7 Rh6 38. Nb3 Rh3 39. Nc5 Rxa3 40.
Bxa6 Kd6 41. Ke2 h5 42. Bd3 Ra2+ 43. Ke3 Rb2 44. Ne4+ Ke5 45. b5 Rb4 46. Ng5 h4
47. Nf3+ Kd5 48. Bf5 Rxb5 49. Nxh4 1/2-1/2

[Event "Bronstein Mem Open A 2014"]
[Site "Minsk BLR"]
[Date "2014.02.18"]
[Round "8.4"]
[White "Kovalenko, Igor"]
[Black "Sargissian, Gabriel"]
[Result "1/2-1/2"]
[WhiteTitle "GM"]
[BlackTitle "GM"]
[WhiteElo "2642"]
[BlackElo "2671"]
[WhiteFideId "14117908"]
[BlackFideId "13300881"]
[EventDate "2014.02.11"]

1. d4 Nf6 2. c4 e6 3. Nc3 Bb4 4. Nf3 b6 5. e3 O-O 6. Bd3 d5 7. O-O Ba6 8. cxd5
exd5 9. Bxa6 Nxa6 10. Qa4 Qc8 11. Bd2 Re8 12. Rfc1 Bf8 13. Ne2 c5 14. dxc5 bxc5
15. Bc3 Ne4 16. Nf4 Nc7 17. Be5 Ng5 18. Nxg5 Rxe5 19. Nf3 Re8 20. Rd1 Rd8 21.
Rd2 Qb7 22. Rad1 a5 23. Ne5 Ra6 24. h4 g6 25. h5 Bg7 26. Nd7 Qc6 27. Qxc6 Rxc6
28. Nxd5 Rxd7 29. Nf6+ Bxf6 30. Rxd7 gxh5 31. b3 c4 32. bxc4 Rxc4 33. Rb1 Ne6
34. Ra7 Ra4 35. Rbb7 Nd8 36. Rb5 Rxa2 37. Rxh5 Nc6 38. Ra8+ Kg7 39. Rc5 Ra1+ 40.
Kh2 Ne5 41. Raxa5 Rf1 42. Ra2 h5 43. g3 Nd3 44. Rf5 Kg6 45. e4 Kg7 46. Kg2 Re1
47. f3 h4 48. gxh4 Bxh4 49. Rd2 Re3 50. Kh3 Be7 51. Rg2+ Kf8 52. Ra2 f6 53. Kh4
Kf7 54. Ra7 Ne5 55. Kg3 Nc6 56. Rc7 Nd4 57. Rd5 Rxf3+ 58. Kg4 Rf4+ 59. Kxf4 Ne6+
60. Kf5 Nxc7 61. Rd7 Ne8 62. e5 Ng7+ 63. Kf4 f5 64. Ra7 Ke6 65. Ra6+ Kf7 66. Ra7
Ke6 67. Ra6+ Kf7 68. Ra7 1/2-1/2

[Event "Bronstein Mem Open A 2014"]
[Site "Minsk BLR"]
[Date "2014.02.18"]
[Round "8.5"]
[White "Grachev, Boris"]
[Black "Fedorchuk, Sergey A."]
[Result "0-1"]
[WhiteTitle "GM"]
[BlackTitle "GM"]
[WhiteElo "2669"]
[BlackElo "2641"]
[WhiteFideId "4129199"]
[BlackFideId "14102536"]
[EventDate "2014.02.11"]

1. d4 Nf6 2. Nf3 e6 3. Bg5 c5 4. e3 h6 5. Bh4 b6 6. Bd3 cxd4 7. exd4 Be7 8. O-O
Ba6 9. c4 O-O 10. Nc3 Nc6 11. a3 Rc8 12. b4 Nb8 13. Qe2 Bxc4 14. Bxc4 d5 15.
Nxd5 Nxd5 16. Bxd5 Bxh4 17. Ba2 Bf6 18. Rad1 Nc6 19. d5 exd5 20. Rxd5 Qc7 21. g3
Rfd8 22. Rxd8+ Qxd8 23. Rd1 Qe8 24. Qa6 Rc7 25. Qc4 Rc8 26. Qa6 Rc7 27. Qc4 Rc8
28. Qf4 Rd8 29. Re1 Qd7 30. Qe4 a5 31. h4 axb4 32. axb4 Ne7 33. Ne5 Bxe5 34.
Qxe5 Nc6 35. Qe4 Nd4 36. Kg2 Kh8 37. g4 h5 38. Bb1 Qxg4+ 39. Qxg4 hxg4 40. Re7
f5 41. Kg3 Kh7 42. h5 Kh6 43. Kf4 Kxh5 44. Rb7 b5 45. Ke5 g6 46. Kf6 Kh6 47. Rb6
Rf8+ 48. Ke5 Nf3+ 49. Kf4 Kh5 50. Rxb5 Kh4 51. Rb7 g5+ 52. Ke3 Re8+ 53. Kd3 Kh3
54. Kc3 Rc8+ 55. Kb2 Rf8 56. b5 Kg2 57. b6 Kxf2 58. Rc7 Nd4 59. b7 Rb8 60. Rd7
g3 61. Rxd4 Rxb7+ 62. Ka2 Rxb1 63. Kxb1 g2 64. Rd2+ Kg3 0-1

[Event "Bronstein Mem Open A 2014"]
[Site "Minsk BLR"]
[Date "2014.02.18"]
[Round "8.11"]
[White "Ter-Sahakyan, Samvel"]
[Black "Kuzubov, Yuriy"]
[Result "0-1"]
[WhiteTitle "GM"]
[BlackTitle "GM"]
[WhiteElo "2575"]
[BlackElo "2643"]
[WhiteFideId "13302531"]
[BlackFideId "14112906"]
[EventDate "2014.02.11"]

1. e4 c5 2. Nf3 d6 3. d4 cxd4 4. Nxd4 Nf6 5. Nc3 a6 6. Be3 e5 7. Nb3 Be6 8. Qd2
Nbd7 9. f3 h5 10. Nd5 Bxd5 11. exd5 g6 12. Be2 a5 13. Rc1 a4 14. Na1 Qa5 15. c4
Qxd2+ 16. Bxd2 Bh6 17. Nc2 h4 18. Na3 Ke7 19. Bxh6 Rxh6 20. Kd2 Nh5 21. Rhe1 f5
22. Nb5 g5 23. Rc3 Nf4 24. Bf1 Nc5 25. Ra3 Rhh8 26. Kc3 h3 27. g3 Ng2 28. Re2 f4
29. Bxg2 hxg2 30. Rxg2 g4 31. Kc2 fxg3 32. hxg3 Raf8 33. fxg4 Rh1 34. Re3 Rff1
35. Nc3 e4 36. Ree2 Kd7 37. g5 Nd3 38. Rxe4 Ne1+ 39. Rxe1 Rxe1 40. Rf2 Rhf1 41.
Rh2 a3 42. Rh7+ Ke8 43. bxa3 Re3 44. Kd2 Rxg3 45. Ne4 Rxa3 46. Nxd6+ Kf8 47. Ne4
Rff3 48. g6 Rxa2+ 49. Ke1 Re3+ 50. Kf1 Rxe4 51. d6 Rxc4 0-1